<A> vision realised <the> transformation of a national oil corporation

Gespeichert in:
Bibliographische Detailangaben
1. Verfasser: Bowie, Paddy
Format: Buch
Sprache:Englisch
Veröffentlicht: Kuala Lumpur Orillia Corporation Sdn Bhd 2001
Schlagworte:
Tags: Tag hinzufügen
Keine Tags, Fügen Sie das erste Tag hinzu!

MARC

LEADER 00000nam$a2200000$$$4500
001 0105766
005 20231215115004.5
020 |a 983-40642-5-X 
041 0 |a eng 
044 |a MY 
245 1 0 |a <A> vision realised  |b <the> transformation of a national oil corporation  |c Paddy Bowie 
264 1 |a Kuala Lumpur  |b Orillia Corporation Sdn Bhd  |c 2001 
300 |a xii, 425 s. 
610 2 0 |a transformácia 
610 2 0 |a transformácia podniku 
610 2 0 |a rozvoj podniku 
610 2 0 |a vízie 
610 2 0 |a vodcovstvo 
610 2 0 |a globalizácia 
610 2 0 |a priemysel palivovo-energetický 
610 2 0 |a plyn 
610 2 0 |a Malajzia 
100 1 |a Bowie, Paddy